KOHA-Header-6

Invitation to Computer Science (Record no. 2149)

000 -LEADER
fixed length control field 00413nam a2200169Ia 4500
003 - CONTROL NUMBER IDENTIFIER
control field OSt
005 - DATE AND TIME OF LATEST TRANSACTION
control field 20200118120553.0
008 - FIXED-LENGTH DATA ELEMENTS--GENERAL INFORMATION
fixed length control field 190802s9999 xx 000 0 und d
020 ## - INTERNATIONAL STANDARD BOOK NUMBER
International Standard Book Number 978-1-305-07577-1
040 ## - CATALOGING SOURCE
Transcribing agency MAJU
100 ## - MAIN ENTRY--PERSONAL NAME
Personal name G.Michael Schneider
245 #0 - TITLE STATEMENT
Title Invitation to Computer Science
260 ## - PUBLICATION, DISTRIBUTION, ETC. (IMPRINT)
Place of publication, distribution, etc India
Name of publisher, distributor, etc McGraw Hill
Date of publication, distribution, etc 2016
300 ## - PHYSICAL DESCRIPTION
Extent 887:P
650 ## - SUBJECT ADDED ENTRY--TOPICAL TERM
Source of heading or term Computer Science
942 ## - ADDED ENTRY ELEMENTS (KOHA)
Koha item type Books
Source of classification or shelving scheme
Holdings
Withdrawn status Lost status Source of classification or shelving scheme Damaged status Not for loan Collection code Permanent Location Current Location Shelving location Date acquired Total Checkouts Full call number Barcode Date last seen Date checked out Price effective from Koha item type
          Computer Science MAJU MAJU Shelf No.A33 2019-08-03 6 4 8772 2023-05-08 2023-04-29 2019-08-03 Computer Science

Powered by Koha